| 000 | 00375nam a2200145 a 4500 | ||
|---|---|---|---|
| 005 | 20140414093838.0 | ||
| 008 | 090108s19uu xx uuu eng d | ||
| 050 |
_aVCD 791.43 _bGAN 1982 |
||
| 245 |
_aGandhi : _bHis triumph changed the world forever. |
||
| 650 | _aBiography. | ||
| 650 | _aWorld leaders. | ||
| 650 | _aMotion pictures. | ||
| 942 | _cAVM | ||
| 999 |
_c109136 _d109136 |
||